|
|
|
|
| LEADER |
01867nam a2200421 a 4500 |
| 001 |
000000530 |
| 005 |
20070425112107.0 |
| 008 |
050727s182513 xo e lat |
| FMT |
|
|
|
| 040 |
|
|
|a SVKKK
|b slo
|c SVKKK
|e AACR2
|
| 041 |
0 |
|
|a lat
|
| 044 |
|
|
|a xo
|c SK
|
| 080 |
|
|
|a 348.1/.7(083.133)
|
| 130 |
0 |
|
|a Extractus
|
| 245 |
0 |
0 |
|a Extractus Benignarum Resolutionum Normalium :
|b In Objectis Publico Ecclesiasticis Editarum Ad Annum 1824 Inclusive Productus.
|
| 260 |
|
|
|a Tyrnaviae :
|b [...]mtibus et Typis Joannis Bapt. Jelinek, Caes. Reg. priv. Typographi,
|c 1825
|
| 300 |
|
|
|a 204,[1] s. A/8-M/8,N/4 [=103] list.
|c 8°. 20x13 cm
|
| 500 |
|
|
|a Linky, verz. vo voľ. priestore na 1 r., kustódy.
|
| 508 |
|
|
|a Na zl. A/1b facultas A. Nagya v závere s textom "Budae 18. Decembris 1824..."
|
| 510 |
4 |
|
|a Petrik I/730; Hanakovič I/261; Telgársky-Banská II/1019; Radváni 90/660.
|
| 561 |
|
|
|a Peč.: Štátna vedecká knižnica v Košiciach; Kassa Sz. Kir. Város Közkönyvtára A Felsőmagyarországi Muzeum könyvtárából 715 sorszám; A Kassai Muzeum Könyvtára. Rkp.: Hedry József ajándéka.
|
| 563 |
|
|
|a Pôvodná - brož., hnedý papier, zachov. zadná doska oddelená od korpusu s rámcovou link. výzdobou a s textom "Tyrnaviae, Sumtimus et Typis Joannis Bapt. Jelinek, Caes. Reg. priv. Typographi. 1825"
|
| 653 |
1 |
|
|a právo
|
| 653 |
1 |
|
|a právo cirkevné
|
| 653 |
2 |
|
|a predpisy
|
| 653 |
2 |
|
|a výťahy
|
| 700 |
1 |
|
|a Nagy, Antonius,
|d 1774-?
|4 lso
|
| 700 |
1 |
|
|a Hedry, József
|4 dnr
|
| 710 |
0 |
|
|a Knižnica Hornouhorského múzea
|c Košice
|4 sgn
|
| 710 |
0 |
|
|a Jelínek, Ján K.
|c Trnava
|d 1820-1841
|4 prt
|4 pbl
|
| 710 |
0 |
|
|a knižnice - Verejná knižnica
|c Košice
|4 sgn
|
| 752 |
|
|
|a Slovensko
|d Trnava
|
| 852 |
|
|
|p GR 6122
|
| 904 |
|
|
|a a--------da------yyyb-0001--
|
| 905 |
|
|
|a g--a0dd-
|
| 910 |
|
|
|a svkkk
|
| 998 |
|
|
|a TRNTL
|
| BAS |
|
|
|